000 00467nmm a2200145Ia 4500
008 251105s9999||||xx |||||||||||||||||und||
041 _aspa
100 _aSilveira, Miguel
245 0 _a¡Cambiar es posible! :
_b Claves para alcanzar el cambio personal
264 _a[Madrid, España] :
_bAlba Editorial,
_c2013
300 _a208 páginas
650 _aSelf-help and personal development
856 _uhttps://public.digitaliapublishing.com/a/33216
942 _cCF
999 _c104697
_d104697